| 000 | 00494cam a2200193ua 4500 | ||
|---|---|---|---|
| 020 |
_a81 204 0988 4 _c195.00 |
||
| 041 |
_aeng _h |
||
| 082 |
_a632.3 _bSIN/DI |
||
| 100 | _aSingh, R S . | ||
| 245 |
_aDiseases of vegetable crops / _cR S Singh. _hTextual Documents |
||
| 250 |
_a3 / _b. |
||
| 260 |
_aNew Delhi : _bOxford & IBH Publishing company , _c1985. |
||
| 300 | _a406 ; . | ||
| 365 | _a195.00 | ||
| 504 | _a | ||
| 942 | _cBK | ||
| 999 |
_c9455 _d9455 |
||